Conceptos y métodos para una política pública en ciencia y tecnología como proceso de investigación /

Պահպանված է:
Մատենագիտական մանրամասներ
Այլ հեղինակներ: Arellano Hernández, Antonio (coordinador.)
Ձևաչափ: էլ․ գիրք
Լեզու:իսպաներեն
Հրապարակվել է: Buenos Aires : SB Editorial, 2023.
Խորագրեր:
Առցանց հասանելիություն:https://elibro.unach.elogim.com/es/lc/unach/titulos/286075
Ցուցիչներ: Ավելացրեք ցուցիչ
Չկան պիտակներ, Եղեք առաջինը, ով նշում է այս գրառումը!

MARC

LEADER 00000nam a2200000 i 4500
001 ELB286075
003 FINmELB
005 20250822121519.0
006 m o u
007 cr cn|||||||||
008 250822s2023 ag ob 000 0 spa d
020 |z 9786316503244 
035 |a (OCoLC)1538593310 
040 |a FINmELB  |b spa  |e rda  |c FINmELB 
050 1 4 |a H97  |b C744 2023 
080 |a 351 
082 0 4 |a 320.6  |2 23 
245 0 0 |a Conceptos y métodos para una política pública en ciencia y tecnología como proceso de investigación /  |c Antonio Arellano Hernández, coordinador. 
264 1 |a Buenos Aires :  |b SB Editorial,  |c 2023. 
300 |a 1 recurso en línea (117 páginas) 
336 |a texto  |b txt  |2 rdamedia/spa 
337 |a computadora  |b c  |2 rdamedia/spa 
338 |a recurso en línea  |b cr  |2 rdacarrier/spa 
504 |a Contiene bibliografía. 
588 |a Descripción basada en metadatos suministrados por el editor y otras fuentes. 
590 |a Recurso electrónico. Santa Fe, Arg.: elibro, 2025. Disponible vía World Wide Web. El acceso puede estar limitado para las bibliotecas afiliadas a elibro. 
650 4 |a Política pública. 
650 4 |a Política científica. 
650 4 |a Política tecnológica. 
655 4 |a Libros electrónicos. 
700 1 |a Arellano Hernández, Antonio,  |e coordinador. 
797 2 |a elibro, Corp. 
856 4 0 |u https://elibro.unach.elogim.com/es/lc/unach/titulos/286075